Eco-economy : Building an economy for the earth (Record no. 42200)

MARC details
000 -LEADER
fixed length control field 00393nam a2200145Ia 4500
020 ## - INTERNATIONAL STANDARD BOOK NUMBER
ISBN 1853838268
082 ## - DEWEY DECIMAL CLASSIFICATION NUMBER
Item number BRO
100 ## - MAIN ENTRY--AUTHOR NAME
Personal name Brown, Lester R
245 #0 - TITLE STATEMENT
Title Eco-economy : Building an economy for the earth
260 ## - PUBLICATION, DISTRIBUTION, ETC. (IMPRINT)
Place of publication London
Name of publisher Earth Scan Publications
Year of publication 2001
650 ## - SUBJECT ADDED ENTRY--TOPICAL TERM
Topical Term Forest products
650 ## - SUBJECT ADDED ENTRY--TOPICAL TERM
Topical Term Sustainable forestry
942 ## - ADDED ENTRY ELEMENTS (KOHA)
Koha item type Books
Holdings
Withdrawn status Lost status Damaged status Not for loan Home library Current library Date acquired Cost, normal purchase price Full call number Accession Number Koha item type
        RRII Library RRII Library 16/12/2021 14.99 BRO 22476 Books